| 000 | 01109nab a2200361 4500 | ||
|---|---|---|---|
| 003 | BR-BrBNA | ||
| 005 | 20250526105753.0 | ||
| 008 | 250526b bl.||||| |||| 00| 0 por d | ||
| 040 |
_aBR-BrBNA _bpor |
||
| 072 |
_aL73 ; K10 ; L70 _b4150 ; 3888 |
||
| 100 | _aNetto, Ibiapaba | ||
| 100 | _aVital, Nicholas | ||
| 245 |
_aOs segredos da fronteira _bAgroeconomia |
||
| 500 | _a2 illus. | ||
| 650 | _aMATO GROSSO DO SUL | ||
| 650 | _aPARAGUAI | ||
| 650 | _aFRONTEIRA AGRÍCOLA | ||
| 650 | _aFEBRE AFTOSA | ||
| 650 | _aDOENÇA ANIMAL | ||
| 650 | _aERRADICAÇÃO | ||
| 650 | _aBARREIRA SANITÁRIA | ||
| 650 | _aSILVICULTURA | ||
| 650 | _aEUCALIPTO | ||
| 650 | _aPINUS | ||
| 650 | _aVACINAÇÃO | ||
| 650 | _aSANIDADE ANIMAL | ||
| 650 | _aCONTROLE SANITÁRIO | ||
| 650 | _aVIGILÂNCIA SANITÁRIA | ||
| 650 | _aFISCALIZAÇÃO SANITÁRIA | ||
| 773 | 0 |
_01706 _9347871 _dSão Paulo-SP Editora Três Ltda - E-mail: luizfsa@revistadinheiro.com.br 2004 _o2025-0372 _tDinheiro Rural (Brazil) _x1807-3700 _gv. 5(43) p. 30-31; (May 2008) _wBR2025001188 |
|
| 942 | _cANA | ||
| 999 |
_c331718 _d331718 |
||